|
|
|
|
| LEADER |
00000nab a2200000 a 4500 |
| 001 |
vtls000603486 |
| 003 |
SK-MaSNL |
| 005 |
20260304100306.0 |
| 008 |
250425c1996 xo 0 slo |
| 015 |
|
|
|a SNBRB19rr/mm-uuuuu
|
| 035 |
|
|
|a CL0603625
|
| 035 |
|
|
|a urn:nbn:sk:snk-abfp6
|
| 035 |
|
|
|a (urnnbn)urn:nbn:sk:snk:ar-002dy8
|
| 035 |
|
|
|a (uuid)26f41ba5-ab0d-43a0-94d5-7c4196fadf98
|
| 040 |
|
|
|a SNKBUCL
|b slo
|c SNKBUCL
|e AACR2
|
| 041 |
0 |
|
|a cze
|
| 044 |
|
|
|a xo
|c SK
|
| 080 |
|
|
|a 615.322:582.886:582.872
|2 1981
|
| 080 |
|
|
|a 582.886
|2 1981
|
| 080 |
|
|
|a 582.872
|2 1981
|
| 100 |
1 |
|
|a Jarošová, Dobromila
|4 aut
|9 1392388
|
| 245 |
1 |
0 |
|a Vrbovka - Vrbka - Vrbice
|c Dobromila Jarošová
|
| 300 |
|
|
|b Obr. 1
|
| 650 |
0 |
7 |
|a vŕbovka
|2 snkbucl
|9 74272
|
| 650 |
0 |
7 |
|a kyprina
|2 snkbucl
|9 1394197
|
| 650 |
0 |
7 |
|a vrbica
|2 snkbucl
|9 168220
|
| 655 |
|
7 |
|a články z novín a časopisov
|2 snkbucl
|9 267496
|
| 773 |
0 |
|
|t Naše liečivé rastliny
|g Roč. 33, č. 5 (1996), s. 155-156
|x 0323-2646
|
| 850 |
|
|
|a Slovenská národná knižnica
|
| 852 |
|
|
|a Slovenská národná knižnica
|
| 954 |
|
|
|a odborná, vedecká literatúra pôvodná (slovenská)
|2 lita
|
| 954 |
|
|
|a odborná, vedecká literatúra cudzojazyčná (svetová)
|2 lita
|
| 958 |
|
|
|a article27
|
| 958 |
|
|
|a MI
|
| 958 |
|
|
|a RK
|
| 958 |
|
|
|a OND
|
| 958 |
|
|
|a EUIPO
|
| 992 |
|
|
|a RBX
|
| 999 |
|
|
|c 2837303
|d 2839233
|